000 00668nam a2200193 4500
008 171212b xxu||||| |||| 00| 0 eng d
020 _a9712324133
082 _21998
_aDFil 001.3
_bSa5
100 _924980
_aSanchez, Custodio A., author.
245 _aIntroduction to the humanities /
_cCustudio A. Sanchez, Paz F. Abad, Lereto V. Jao.
260 _aManila ;
_bRex Book Store,
_c©1998.
300 _ax, 227 pages :
_billustrations ;
_c25 cm.
500 _aIncludes glossary, index and appendix.
650 0 _924983
_aArts.
650 0 _924984
_aHumanities.
700 _924986
_aAbad, Paz F.,author.
700 _924989
_aJao, Loreto V., author.
942 _2ddc
_cDFIL
999 _c8083
_d8083